Dawn of the gods
Αποθηκεύτηκε σε:
| Κύριος συγγραφέας: | |
|---|---|
| Μορφή: | Βιβλίο |
| Γλώσσα: | English |
| Δημοσίευση: |
London :
Sphere,
1972, c1968
|
| Θέματα: | |
| Ετικέτες: |
Προσθήκη ετικέτας
Δεν υπάρχουν, Καταχωρήστε ετικέτα πρώτοι!
|
MARC
| LEADER | 00000cam a2200000 i 4500 | ||
|---|---|---|---|
| 001 | 1/34497 | ||
| 008 | 060919t19721968 eng d | ||
| 035 | |l 10085248 | ||
| 040 | |a GR-MY-UA |b gre |e aacr | ||
| 041 | 0 | |a eng | |
| 082 | 0 | |a 938.01 |2 (22) | |
| 100 | 1 | |a Hawkers, Jacquetta Hopkins |d 1910- | |
| 245 | 1 | 0 | |a Dawn of the gods / |c Jacquetta Hawkes |
| 260 | |a London : |b Sphere, |c 1972, c1968 | ||
| 300 | |a 174 σ.; |b εγχ. εικ.; |c 18 εκ. | ||
| 500 | |a with photographs by Dimitrios Harissiadis and other illustrations | ||
| 504 | |a Includes bibliographical references (p. 161-162) and index | ||
| 650 | 0 | 0 | |a Civilization, Mycenaean. |
| 650 | 0 | 0 | |a Bronze age |z Greece |z Crete. |
| 651 | 0 | |a Crete (Greece) |x Antiquities. | |
| 852 | |a INST |b CHIOS |e 20060919 |h 938.01 HAW |p 005200027189 |q 005200027189 |t BK |y 0 | ||
| 901 | |a BIBL2-2006-2 | ||
| 909 | |a Χ |b 016422 | ||
| 970 | |a ΒΑΣΙΛΑΚΗ |b ΝΙΚΗ |z 2006/09/19 | ||